On the limits of liberalism in participatory environmental governance: conflict and conversation in UKraine's Denube delta (Record no. 108380)

000 -LEADER
fixed length control field 00454pab a2200145 454500
008 - FIXED-LENGTH DATA ELEMENTS--GENERAL INFORMATION
fixed length control field 180718b2015 xxu||||| |||| 00| 0 eng d
100 ## - MAIN ENTRY--PERSONAL NAME
Personal name Richardson, Tanya
245 ## - TITLE STATEMENT
Title On the limits of liberalism in participatory environmental governance: conflict and conversation in UKraine's Denube delta
260 ## - PUBLICATION, DISTRIBUTION, ETC.
Date of publication, distribution, etc. 2015
300 ## - PHYSICAL DESCRIPTION
Extent p.415-441.
362 ## - DATES OF PUBLICATION AND/OR SEQUENTIAL DESIGNATION
Dates of publication and/or sequential designation May
650 ## - SUBJECT ADDED ENTRY--TOPICAL TERM
Topical term or geographic name entry element Participatory development
773 ## - HOST ITEM ENTRY
Main entry heading Development and Change
909 ## -
-- 108385
Holdings
Withdrawn status Lost status Damaged status Not for loan Permanent Location Current Location Date acquired Serial Enumeration / chronology Barcode Date last seen Price effective from Koha item type
        Indian Institute of Public Administration Indian Institute of Public Administration 2018-07-19 Volume no: 46, Issue no: 3 AR108845 2018-07-19 2018-07-19 Articles

Powered by Koha